| 000 | 00508nam a2200169 i 4500 | ||
|---|---|---|---|
| 001 | 101978 | ||
| 003 | ES-MaACL | ||
| 005 | 20230906183025.0 | ||
| 007 | t| | ||
| 008 | 051028s1929 fr ||||1| spa d | ||
| 100 | 1 |
_aMéndez Pereira, Octavio. _980168 |
|
| 245 | 1 | 0 |
_aFuerzas de unificación / _cpor Octavio Méndez Pereira; prefacio de Alejandro Alvarez. |
| 260 |
_aParis : _bLe livre libre, _c1929. |
||
| 300 |
_a176 p. ; _c19 cm. |
||
| 700 | 1 |
_aAlvarez, Alejandro. _920610 |
|
| 852 |
_aES-MaACL _jB-12851 |
||
| 999 |
_c101978 _d101978 |
||